MARC details
| 000 -LEADER |
| campo de control de longitud fija |
04846cam a2200433 i 4500 |
| 001 - NÚMERO DE CONTROL |
| campo de control |
125099 |
| 005 - FECHA Y HORA DE LA ÚLTIMA TRANSACCIÓN |
| campo de control |
20230410103923.0 |
| 008 - DATOS DE LONGITUD FIJA--INFORMACIÓN GENERAL |
| campo de control de longitud fija |
141208s2016 nyuab b 001 0 eng |
| 035 ## - NÚMERO DE CONTROL DEL SISTEMA |
| Número de control de sistema |
18399967 |
| 010 ## - NÚMERO DE CONTROL DE LA BIBLIOTECA DEL CONGRESO |
| Número de control de LC |
2014042376 |
| 020 ## - NÚMERO INTERNACIONAL ESTÁNDAR DEL LIBRO |
| Número Internacional Estándar del Libro |
9780190218867 (paperback : acid-free paper) |
| 040 ## - FUENTE DE CATALOGACIÓN |
| Centro catalogador/agencia de origen |
DLC |
| Lengua de catalogación |
eng |
| Centro/agencia transcriptor |
DLC |
| Normas de descripción |
rda |
| Centro/agencia modificador |
DLC |
| 041 ## - CÓDIGO DE IDIOMA |
| Código de lengua del texto/banda sonora o título independiente |
eng |
| 042 ## - CÓDIGO DE AUTENTICACIÓN |
| Código de autenticación |
pcc |
| 043 ## - CÓDIGO DE ÁREA GEOGRÁFICA |
| Código de área geográfica |
aw----- |
| 050 14 - SIGNATURA TOPOGRÁFICA DE LA BIBLIOTECA DEL CONGRESO |
| Número de clasificación |
439 DS 62.4 |
| Número de ítem |
G321m 2016 |
| 082 00 - NÚMERO DE LA CLASIFICACIÓN DECIMAL DEWEY |
| Número de clasificación |
956 |
| 100 1# - ENTRADA PRINCIPAL--NOMBRE DE PERSONA |
| Nombre de persona |
Gelvin, James L., |
| Fechas asociadas al nombre |
1951- |
| 245 14 - MENCIÓN DEL TÍTULO |
| Título |
The modern Middle East : |
| Resto del título |
a history / |
| Mención de responsabilidad, etc. |
James L. Gelvin, University of California, Los Angeles. |
| 250 ## - MENCION DE EDICION |
| Mención de edición |
Fourth edition. |
| 264 #1 - PRODUCCIÓN, PUBLICACIÓN, DISTRIBUCIÓN, FABRICACIÓN Y COPYRIGHT |
| Producción, publicación, distribución, fabricación y copyright |
New York : |
| Nombre del de productor, editor, distribuidor, fabricante |
Oxford University Press, |
| Fecha de producción, publicación, distribución, fabricación o copyright |
[2016] |
| 300 ## - DESCRIPCIÓN FÍSICA |
| Extensión |
xii, 420 pages : |
| Otras características físicas |
illustrations, maps ; |
| Dimensiones |
24 cm |
| 336 ## - TIPO DE CONTENIDO |
| Término de tipo de contenido |
text |
| Código de tipo de contenido |
txt |
| Fuente |
rdacontent |
| 337 ## - TIPO DE MEDIO |
| Nombre/término del tipo de medio |
unmediated |
| Código del tipo de medio |
n |
| Fuente |
rdamedia |
| 338 ## - TIPO DE SOPORTE |
| Nombre/término del tipo de soporte |
volume |
| Código del tipo de soporte |
nc |
| Fuente |
rdacarrier |
| 504 ## - NOTA DE BIBLIOGRAFÍA, ETC. |
| Nota de bibliografía, etc. |
Includes bibliographical references and index. |
| 505 0# - NOTA DE CONTENIDO CON FORMATO |
| Nota de contenido con formato |
New to this edition -- Part I. The advent of the modern age -- From late antiquity to the dawn of a new age -- Gunpowder empires -- The Middle East and the modern world system -- War, diplomacy, and the new global balance of power -- Documents: Evliya Chelebi : Seyahataname (1); Evliya Chelebi : Seyahataname (2); Draft Treaty of Amity and Commerce between the Ottoman Empire and France, February 1535; The travels of Sir John Chardin into Persia and the East-Indies (1); The travels of Sir John Chardin into Persia and the East-Indies (2) -- Part II. The question of modernity -- Defensive developmentalism -- Imperialism -- Wasif Jawhariyyeh and the great nineteenth-century transformation -- The life of the mind -- Secularism and modernity -- Constitutionalism -- Documents: Commercial Convention (Balta Liman) : Britain and the Ottoman Empire; The Hatt-i Sharif of Gulhane; The Islahat Fermani; The d'Arcy oil concession; Algeria : the poetry of loss; Huda Shaarawi : a new mentor and her salon for women; Rifaca Rafic al-Tahtawi : the extraction of gold or an overview of Paris; Muhammad Abduh : the theology of unity; Namik Kemal : extract from the journal Hurriyet; The supplementary Fundamental Law of 7 October 1907 -- Part III. War I and the Middle East state system -- State-building by decree -- State-building by revolution and conquest -- The invention and spread of nationalisms -- The Israeli-Palestinian conflict -- Documents: An Arab soldier in the Ottoman Army; Resolution of the Syrian General Congress at Damascus, 2 July 1919; Theodor Herzl : a solution of the Jewish question; The Balfour Declaration, 2 November 1917; Mahmud Darwish : eleven planets in the last Andalusian sky -- Part IV. The contemporary era -- The autocratic state -- Oil -- The United States and the Middle East -- Resistance -- The Arab uprisings -- Conclusion: The end of an era? -- Documents: Speech delivered by President Gamal Abd al-Nasser at Port-Said on the occasion of Victory Day on 23 December 1961; Zakaria Tamer : tigers on the tenth day -- Ali Shariati : the philosophy of history : the story of Cain and Abel -- Ayatollah Khomeini : Islamic government -- Sayyid Qutb : milestones -- Statement of the April 6 movement regarding the demands of the youth and the refusal to negotiate with any side -- Yassir al-Manawahly, The International Monetary Fund. |
| 520 ## - RESUMEN, ETC. |
| Sumario, etc. |
Extensively revised and updated in the wake of the Arab uprisings, the changes that they fostered, and the fault lines that they exposed, the fourth edition of The Modern Middle East: A History explores how the forces associated with global modernity have shaped the social, economic, cultural, and political life in the region over the course of the past 500 years. Beginning with the first glimmerings of the current international state and economic systems in the sixteenth century, this book examines the impact of imperial and imperialist legacies, the great nineteenth-century transformation, cultural continuities and upheavals, international diplomacy, economic booms and busts, the emergence of authoritarian regimes and the varied forms of resistance to them and to imperialism in an area of vital concern to us all. The Modern Middle East: A History, Fourth Edition, is engagingly written--drawing from the author's own research and other studies--and enriched with maps and photographs, original documents, and an abundance of supplementary materials. |
| 651 #0 - PUNTO DE ACCESO ADICIONAL DE MATERIA--NOMBRE GEOGRÁFICO |
| Nombre geográfico |
Middle East |
| Subdivisión general |
History. |
| 650 #0 - PUNTO DE ACCESO ADICIONAL DE MATERIA--TÉRMINO DE MATERIA |
| Término de materia o nombre geográfico como elemento de entrada |
Nationalism |
| Subdivisión geográfica |
Middle East |
| Subdivisión general |
History. |
| 650 #0 - PUNTO DE ACCESO ADICIONAL DE MATERIA--TÉRMINO DE MATERIA |
| Término de materia o nombre geográfico como elemento de entrada |
Secularism |
| Subdivisión geográfica |
Middle East |
| Subdivisión general |
History. |
| 650 #0 - PUNTO DE ACCESO ADICIONAL DE MATERIA--TÉRMINO DE MATERIA |
| Término de materia o nombre geográfico como elemento de entrada |
Islam and politics |
| Subdivisión geográfica |
Middle East |
| Subdivisión general |
History. |
| 651 #0 - PUNTO DE ACCESO ADICIONAL DE MATERIA--NOMBRE GEOGRÁFICO |
| Nombre geográfico |
Middle East |
| Subdivisión general |
Politics and government. |
| 651 #4 - PUNTO DE ACCESO ADICIONAL DE MATERIA--NOMBRE GEOGRÁFICO |
| Nombre geográfico |
Oriente Medio |
| Subdivisión general |
Historia. |
| 650 #4 - PUNTO DE ACCESO ADICIONAL DE MATERIA--TÉRMINO DE MATERIA |
| Término de materia o nombre geográfico como elemento de entrada |
Nacionalismo |
| Subdivisión geográfica |
Medio Oriente |
| Subdivisión general |
Historia. |
| 925 0# - |
| -- |
acquire |
| -- |
1 shelf copy |
| -- |
policy default |
| -- |
claim1 2015-10-05 |
| 942 ## - ELEMENTOS DE ENTRADA SECUNDARIOS (KOHA) |
| Fuente del sistema de clasificación o colocación |
Clasificación de Library of Congress |
| Tipo de ítem Koha |
|
| 946 ## - PROCESAMIENTO DE INFORMACIÓN LOCAL (OCLC) |
| a |
dpf |